20 Latin American Foods Quiz Stats

 Plays Quiz Updated Nov 3, 2015

Challenge
Share
Tweet
Score 0/20 Timer 10:00
6 Plays Today
% Correct
Tacos
99.1%
Guacamole
95.7%
Burrito
94.1%
Quesadillas
83.8%
Enchiladas
75.8%
Piña colada
72.2%
Tamales
66%
Pico de gallo
60.7%
Empanadas
59.5%
Pollo con mole
51.3%
% Correct
Taquitos
50.4%
Ceviche
45.8%
Chimichurri
40.2%
Sándwich cubano
39.4%
Gallo pinto
38.7%
Dulce de leche
37.8%
Torta de tres leches
28.3%
Chile relleno
27.7%
Arepas
11.6%
Buñuelo
10.8%

You're not logged in!

Compare scores with friends on all Sporcle quizzes.
OR
Log In

You Might Also Like...

Show Comments

Extras

Top Quizzes Today


Score Distribution

Your Account Isn't Verified!

In order to create a playlist on Sporcle, you need to verify the email address you used during registration. Go to your Sporcle Settings to finish the process.

Report this User

Report this user for behavior that violates our Community Guidelines.

Details: